Statistics for Guess that MLB Player's Number

Click here to take the quiz!

General Stats

  • This quiz has been taken 711 times
  • The average score is 10 of 14

Answer Stats

PlayerNumber% Correct
Mike Trout27
99%
Carlos Correa1
83%
Bryce Harper34
83%
Kris Bryant17
81%
Albert Pujols5
80%
Manny Machado13
79%
Clayton Kershaw22
75%
Yadier Molina4
74%
Troy Tulowitzki2
73%
Andrew McCutchen22
71%
Robinson Cano22
67%
Ryan Braun8
61%
Nelson Cruz23
56%
Eric Hosmer35
55%

Score Distribution

Percentile by Number Answered

Percent of People with Each Score

Your Score History

You have not taken this quiz